000 00724 a2200205 4500
010 _aENG-89766
020 _a9788189013769
_c350.00
035 _aEN-73299
037 _bDBAD / PUB
082 1 4 _a305.43338
090 _c11673
_d11673
100 1 _aNongbri, Tiplut
245 1 _aGender, matriliny, and entrepreneurship:
_cby Tiplut Nongbri
_bthe khasis of North-East India/
260 _aNew Delhi
_bZubaan
_c2008
270 _aK-92, 1st Floor, Hauz Khas Enclave,
_bNew Delhi
_e110 016
300 _axiv, 207p.
_c23 cm (Hb)
500 _aIncludes bibliographical references
942 _adpl
_cEN
_k305.43338/ NON
999 _c11353
_d11353